[Event "Olympiad-36"]
[Site "Mallorca"]
[Date "2004.10.18"]
[Round "4"]
[White "Kayle, Charles"]
[Black "Santa Torres, Luis A"]
[Result "1/2-1/2"]
[WhiteElo "2036"]
[BlackElo "2196"]
[PlyCount "46"]
[EventDate "2004.10.15"]
[EventType "team-swiss"]
[EventRounds "14"]
[EventCountry "ESP"]
[SourceTitle "CBM 104"]
[Source "ChessBase"]
[SourceDate "2005.01.27"]
[SourceVersion "1"]
[SourceVersionDate "2005.01.27"]
[SourceQuality "1"]
[WhiteTeam "Palestine"]
[BlackTeam "Puerto Rico"]
[WhiteTeamCountry "PLE"]
[BlackTeamCountry "PUR"]

1. d4 Nf6 2. c4 g6 3. Nc3 Bg7 4. e4 d6 5. f4 0-0 6. Nf3 c5 7. d5 e6 8. Be2 exd5 9. cxd5 Bg4 10. 0-0 Nbd7 11. a4 Re8 12. h3 Bxf3 13. Bxf3 a6 14. Kh1 Qa5 15. Be3 Rac8 16. g4 h6 17. h4 Qb4 18. Ra3 c4 19. g5 hxg5 20. hxg5 Nh7 21. Bd4 Bxd4 22. Qxd4 Qc5 23. Qd2 b5 1/2-1/2

[Event "Olympiad-34"]
[Site "Istanbul"]
[Date "2000.11.05"]
[Round "8.2"]
[White "Tissir, Mohamed"]
[Black "Santa Torres, Luis A"]
[Result "1-0"]
[WhiteElo "2342"]
[BlackElo "2201"]
[PlyCount "41"]
[EventDate "2000.10.28"]
[EventType "team-swiss"]
[EventRounds "14"]
[EventCountry "TUR"]
[SourceTitle "EXT 2001"]
[Source "ChessBase"]
[SourceDate "2000.11.22"]
[SourceVersion "1"]
[SourceVersionDate "2000.11.22"]
[SourceQuality "1"]
[WhiteTeam "Morocco"]
[BlackTeam "Puerto Rico"]
[WhiteTeamCountry "MAR"]
[BlackTeamCountry "PUR"]

1. e4 e5 2. Nf3 Nf6 3. Nxe5 d6 4. Nf3 Nxe4 5. d4 d5 6. Bd3 Be7 7. 0-0 0-0 8. c4 Nf6 9. Ne5 Nbd7 10. Nc3 dxc4 11. Bxc4 Nb6 12. Bb3 Nbd5 13. Qf3 c6 14. Bg5 Be6 15. Rfe1 Re8 16. Rad1 Qd6 17. Bc2 Rad8 18. Bb1 Nxc3 19. bxc3 Ng4 20. Bxe7 Nxe5 21. Qh5 1-0

[Event "Olympiad-34"]
[Site "Istanbul"]
[Date "2000.11.02"]
[Round "6.3"]
[White "Amer, Karim"]
[Black "Santa Torres, Luis A"]
[Result "1-0"]
[WhiteElo "2240"]
[BlackElo "2201"]
[PlyCount "81"]
[EventDate "2000.10.28"]
[EventType "team-swiss"]
[EventRounds "14"]
[EventCountry "TUR"]
[SourceTitle "EXT 2001"]
[Source "ChessBase"]
[SourceDate "2000.11.22"]
[SourceVersion "1"]
[SourceVersionDate "2000.11.22"]
[SourceQuality "1"]
[WhiteTeam "Pakistan"]
[BlackTeam "Puerto Rico"]
[WhiteTeamCountry "PAK"]
[BlackTeamCountry "PUR"]

1. d4 Nf6 2. Nf3 g6 3. g3 Bg7 4. Bg2 0-0 5. 0-0 d6 6. c4 c5 7. Nc3 Nc6 8. d5 Na5 9. Qd3 Bf5 10. e4 Bg4 11. Ne1 Qd7 12. b3 Bh3 13. Bb2 Bxg2 14. Kxg2 a6 15. Na4 Qc7 16. e5 dxe5 17. Qe3 Nd7 18. Nd3 Rac8 19. Rfe1 b5 20. cxb5 axb5 21. Naxc5 Nxc5 22. Rac1 Nxd3 23. Rxc7 Nxe1+ 24. Qxe1 Rxc7 25. Qxa5 Rc2 26. Bc3 Rc8 27. Bd2 R2c5 28. Qa6 Bf8 29. Be3 Rc2 30. a3 R8c3 31. Kf1 Rxb3 32. Qa8 Rbc3 33. Qb8 Rc8 34. Qxb5 Bg7 35. a4 e4 36. a5 Rb2 37. Qd7 Ra8 38. a6 Bf6 39. a7 Rc2 40. Qb7 Rcc8 41. Bf4 1-0

[Event "Olympiad-34"]
[Site "Istanbul"]
[Date "2000.10.30"]
[Round "3.2"]
[White "Santa Torres, Luis A"]
[Black "Soylu, Suat"]
[Result "0-1"]
[WhiteElo "2201"]
[BlackElo "2345"]
[PlyCount "68"]
[EventDate "2000.10.28"]
[EventType "team-swiss"]
[EventRounds "14"]
[EventCountry "TUR"]
[SourceTitle "EXT 2001"]
[Source "ChessBase"]
[SourceDate "2000.11.22"]
[SourceVersion "1"]
[SourceVersionDate "2000.11.22"]
[SourceQuality "1"]
[WhiteTeam "Puerto Rico"]
[BlackTeam "Turkey"]
[WhiteTeamCountry "PUR"]
[BlackTeamCountry "TUR"]

1. d4 Nf6 2. c4 c5 3. d5 g6 4. Nc3 Bg7 5. e4 d6 6. Be2 0-0 7. f4 e6 8. Nf3 exd5 9. cxd5 Bg4 10. 0-0 Nbd7 11. h3 Bxf3 12. Bxf3 a6 13. a4 Re8 14. g4 h6 15. h4 c4 16. g5 hxg5 17. hxg5 Nh7 18. Be3 Rc8 19. Kg2 Nc5 20. Rh1 b5 21. axb5 axb5 22. Ra7 b4 23. Bd4 Nd3 24. Bxg7 Nxf4+ 25. Kf1 Kxg7 26. Rxh7+ Kxh7 27. Rxf7+ Kg8 28. Rxf4 bxc3 29. Rf6 Kg7 30. Qd4 cxb2 31. Rxd6+ Kh7 32. Rb6 Qxb6 33. Qxb6 Rb8 34. Qc7+ Kg8 0-1

[Event "Valencia Sub zt 2.3.5"]
[Site "Valencia"]
[Date "2000.??.??"]
[Round "7"]
[White "Santa Torres, Luis A"]
[Black "Yee, Frank"]
[Result "1-0"]
[WhiteElo "2201"]
[BlackElo "2169"]
[PlyCount "50"]
[EventDate "2000.08.13"]
[EventType "swiss"]
[EventRounds "9"]
[EventCountry "VEN"]
[SourceTitle "EXT 2001"]
[Source "ChessBase"]
[SourceDate "2000.11.22"]
[SourceVersion "1"]
[SourceVersionDate "2000.11.22"]
[SourceQuality "1"]

1. d4 Nf6 2. c4 e6 3. Nc3 Bb4 4. e3 c5 5. Bd3 Nc6 6. Nf3 d5 7. 0-0 Bxc3 8. bxc3 Qa5 9. Rb1 dxc4 10. Bxc4 a6 11. Ne5 Nxe5 12. dxe5 Nd7 13. Qd6 Qd8 14. a4 b6 15. f4 Qe7 16. Rd1 Bb7 17. Qc7 Be4 18. Bd3 Bxd3 19. Rxd3 Rd8 20. Rd6 Qh4 21. Ba3 0-0 22. Rbd1 Rc8 23. Qxd7 Qg4 24. Qxc8 Qxd1+ 25. Rxd1 Rxc8 1-0

[Event "PUR-ch"]
[Site "San Juan"]
[Date "1999.??.??"]
[Round "?"]
[White "Carrillo, Jose Antonio"]
[Black "Santa Torres, Luis A"]
[Result "0-1"]
[WhiteElo "1950"]
[BlackElo "2295"]
[PlyCount "53"]
[EventDate "1999.??.??"]
[EventType "tourn"]
[EventRounds "11"]
[EventCountry "PUR"]
[SourceTitle "EXT 2000"]
[Source "ChessBase"]
[SourceDate "1999.11.16"]
[SourceVersion "1"]
[SourceVersionDate "1999.11.16"]
[SourceQuality "1"]

1. d4 Nf6 2. Nf3 d5 3. Bg5 Ne4 4. Bf4 c5 5. e3 Qb6 6. Nbd2 Nxd2 7. Qxd2 Qxb2 8. Rd1 Nc6 9. Ne5 cxd4 10. exd4 f6 11. Nd3 Qxd4 12. Be2 e5 13. Be3 Qh4 14. c3 Bd6 15. 0-0 0-0 16. f4 d4 17. Bf2 Qh6 18. cxd4 e4 19. Ne5 fxe5 20. dxe5 Be7 21. Be3 Qg6 22. Bc4+ Be6 23. Bxe6+ Qxe6 24. Qe2 Rad8 25. Rb1 Rd7 26. g4 Kh8 27. Qb2 0-1

[Event "Copa Union de Reyes 4th"]
[Site "Matanzas"]
[Date "1999.??.??"]
[Round "1"]
[White "Gonzalez, Renier"]
[Black "Santa Torres, Luis A"]
[Result "1-0"]
[WhiteElo "2405"]
[BlackElo "2220"]
[PlyCount "70"]
[EventDate "1999.??.??"]
[EventType "tourn"]
[EventRounds "11"]
[EventCountry "CUB"]
[EventCategory "3"]
[SourceTitle "EXT 2000"]
[Source "ChessBase"]
[SourceDate "1999.11.16"]
[SourceVersion "1"]
[SourceVersionDate "1999.11.16"]
[SourceQuality "1"]

1. e4 e6 2. d4 d5 3. Nc3 Bb4 4. exd5 exd5 5. Bd3 Nc6 6. a3 Bxc3+ 7. bxc3 Nge7 8. Qh5 Be6 9. Rb1 Qc8 10. Ne2 Bf5 11. Nf4 Bxd3 12. cxd3 Qd7 13. Rxb7 0-0 14. Qh3 Qd6 15. Rb5 Rab8 16. Rc5 Rb1 17. Ne2 Ng6 18. 0-0 Rfb8 19. Qf3 Nge7 20. Ng3 Ne5 21. Qe2 N5g6 22. h3 c6 23. Be3 h6 24. Qf3 Rxf1+ 25. Nxf1 Rb2 26. g3 Qd7 27. Kh2 Rb1 28. Nd2 Rb2 29. c4 Nf8 30. cxd5 cxd5 31. Qd1 Ne6 32. Rc2 Rb7 33. Qh5 Ng6 34. Nf3 Nef8 35. Rc8 Rb5 1-0

[Event "PUR-ch"]
[Site "San Juan"]
[Date "1999.??.??"]
[Round "?"]
[White "Montanez Nazario, Robert"]
[Black "Santa Torres, Luis A"]
[Result "0-1"]
[WhiteElo "2155"]
[BlackElo "2295"]
[PlyCount "96"]
[EventDate "1999.??.??"]
[EventType "tourn"]
[EventRounds "11"]
[EventCountry "PUR"]
[SourceTitle "EXT 2000"]
[Source "ChessBase"]
[SourceDate "1999.11.16"]
[SourceVersion "1"]
[SourceVersionDate "1999.11.16"]
[SourceQuality "1"]

1. e4 c6 2. d4 d5 3. exd5 cxd5 4. Bd3 Nc6 5. c3 g6 6. Nf3 Bg7 7. Bf4 Nh6 8. Nbd2 0-0 9. 0-0 Kh8 10. Re1 f6 11. Qb3 Nf7 12. Bg3 e5 13. dxe5 fxe5 14. Bb5 e4 15. Bxc6 bxc6 16. Nd4 Ne5 17. Rad1 Bg4 18. f3 exf3 19. Rxe5 f2+ 20. Kf1 Bxd1 21. Qxd1 Bxe5 22. Bxe5+ Kg8 23. N2f3 Qe8 24. Qe2 c5 25. Nb3 Qc6 26. Qxf2 Rae8 27. Bg3 Qb5+ 28. Kg1 Qe2 29. Nxc5 Qd1+ 30. Qf1 Qc2 31. h3 Qxb2 32. Qd3 Qxa2 33. Ne5 Rxe5 34. Bxe5 Qf2+ 35. Kh2 Qxc5 36. Qa6 Qb6 37. Qa2 Qe6 38. Bd4 a6 39. Qb2 Qd6+ 40. Kg1 Qc6 41. Qd2 Qe6 42. Qh6 Qf7 43. Qc1 Qf5 44. Qa1 Re8 45. Qd1 Rb8 46. Qe2 Rb1+ 47. Kh2 Qf4+ 48. g3 Qe4 0-1

[Event "Copa Union de Reyes 4th"]
[Site "Matanzas"]
[Date "1999.??.??"]
[Round "2"]
[White "Perez Garcia, Rodney Oscar"]
[Black "Santa Torres, Luis A"]
[Result "1-0"]
[WhiteElo "2405"]
[BlackElo "2220"]
[PlyCount "74"]
[EventDate "1999.??.??"]
[EventType "tourn"]
[EventRounds "11"]
[EventCountry "CUB"]
[EventCategory "3"]
[SourceTitle "EXT 2000"]
[Source "ChessBase"]
[SourceDate "1999.11.16"]
[SourceVersion "1"]
[SourceVersionDate "1999.11.16"]
[SourceQuality "1"]

1. e4 c6 2. c4 e5 3. d4 d6 4. Nc3 Nd7 5. Nf3 Ngf6 6. Be2 Be7 7. 0-0 0-0 8. Be3 Qc7 9. d5 Re8 10. Nd2 c5 11. a3 Bf8 12. b4 b6 13. Qa4 a6 14. Rfb1 Bb7 15. Ra2 Reb8 16. Rab2 Be7 17. Qd1 Bc8 18. Nb3 Nf8 19. Nc1 Bd7 20. Nd3 Be8 21. Qd2 Ng6 22. h3 h6 23. Kh2 Nh7 24. g3 Bd7 25. h4 Nf6 26. f3 Bf8 27. Rb3 Qd8 28. Bf2 Kh7 29. Qb2 Rc8 30. bxc5 bxc5 31. Rb7 Be7 32. Bd1 Rc7 33. Ba4 Rac8 34. Qc2 Rxb7 35. Rxb7 Rc7 36. Rb6 Nh5 37. Rxa6 Bxa4 1-0

[Event "Copa Union de Reyes 4th"]
[Site "Matanzas"]
[Date "1999.??.??"]
[Round "11"]
[White "Santa Torres, Luis A"]
[Black "Barroso Law, Wildried"]
[Result "1/2-1/2"]
[WhiteElo "2220"]
[BlackElo "2225"]
[PlyCount "29"]
[EventDate "1999.??.??"]
[EventType "tourn"]
[EventRounds "11"]
[EventCountry "CUB"]
[EventCategory "3"]
[SourceTitle "EXT 2000"]
[Source "ChessBase"]
[SourceDate "1999.11.16"]
[SourceVersion "1"]
[SourceVersionDate "1999.11.16"]
[SourceQuality "1"]

1. d4 Nf6 2. c4 e6 3. Nc3 Bb4 4. e3 c5 5. Bd3 Nc6 6. Nf3 Bxc3+ 7. bxc3 d6 8. 0-0 e5 9. d5 Ne7 10. e4 Ng6 11. Rb1 h6 12. g3 Nh7 13. Kg2 Rb8 14. Qc2 Bd7 15. Bd2 1/2-1/2

[Event "San Felipe zt"]
[Site "San Felipe"]
[Date "1999.??.??"]
[Round "1"]
[White "Santa Torres, Luis A"]
[Black "Rohl Montes, Juan Armando"]
[Result "0-1"]
[WhiteElo "2222"]
[BlackElo "2360"]
[PlyCount "34"]
[EventDate "1999.??.??"]
[EventType "swiss"]
[EventRounds "9"]
[EventCountry "VEN"]
[SourceTitle "EXT 2000"]
[Source "ChessBase"]
[SourceDate "1999.11.16"]
[SourceVersion "1"]
[SourceVersionDate "1999.11.16"]
[SourceQuality "1"]

1. d4 Nf6 2. c4 e6 3. Nc3 Bb4 4. e3 b6 5. Nge2 Ba6 6. Ng3 h5 7. h4 Nc6 8. Be2 Na5 9. Qa4 Bxc3+ 10. bxc3 c5 11. e4 Bb7 12. Bg5 Qc7 13. d5 Qe5 14. Qc2 Ng4 15. Qd2 b5 16. Bf4 Qf6 17. Bg5 Qxf2+ 0-1

[Event "PUR-ch"]
[Site "San Juan"]
[Date "1999.??.??"]
[Round "?"]
[White "Santa Torres, Luis A"]
[Black "Serrano, Felipe"]
[Result "0-1"]
[WhiteElo "2045"]
[BlackElo "2295"]
[PlyCount "126"]
[EventDate "1999.??.??"]
[EventType "tourn"]
[EventRounds "11"]
[EventCountry "PUR"]
[SourceTitle "EXT 2000"]
[Source "ChessBase"]
[SourceDate "1999.11.16"]
[SourceVersion "1"]
[SourceVersionDate "1999.11.16"]
[SourceQuality "1"]

1. d4 Nf6 2. c4 e6 3. Nc3 Bb4 4. e3 0-0 5. Bd3 c5 6. Nf3 Bxc3+ 7. bxc3 d6 8. e4 e5 9. 0-0 Qe7 10. d5 h6 11. Nd2 Nbd7 12. Re1 Re8 13. Nf1 Nf8 14. Ng3 Ng6 15. Rb1 b6 16. Rb2 Bd7 17. Nf5 Qf8 18. f3 Nh5 19. g3 Kh7 20. Rg2 Rab8 21. a4 Red8 22. Kh1 Rb7 23. h4 Nf6 24. Bc2 Bxf5 25. exf5 Ne7 26. g4 Neg8 27. g5 Ne8 28. f6+ g6 29. h5 Kh8 30. hxg6 fxg6 31. Bxg6 Nexf6 32. gxf6 Qxf6 33. Reg1 Rg7 34. Be4 Rdd7 35. Rxg7 Qh4+ 36. Kg2 Rxg7+ 37. Kf1 Qh3+ 38. Ke2 Qh2+ 39. Kd3 Rxg1 40. Qc2 Rg2 41. Qd1 Qg1 42. Qxg1 Rxg1 43. Be3 Rg3 44. Ke2 Kg7 45. Kf2 Rh3 46. Kg2 Rh5 47. f4 exf4 48. Bxf4 Rh4 49. Kg3 Rxf4 50. Kxf4 Kf6 51. Bf5 Ne7 52. Bd3 Ng6+ 53. Kg3 Ne5 54. Be2 Kg5 55. Bf1 h5 56. Be2 h4+ 57. Kh3 Ng6 58. Bf1 Nf4+ 59. Kh2 Kf5 60. Kg1 Ke4 61. Kf2 Nd3+ 62. Ke2 h3 63. Kd2 Nf4 0-1

[Event "Olympiad-33"]
[Site "Elista"]
[Date "1998.10.12"]
[Round "13.1"]
[White "Kelly, Brian"]
[Black "Santa Torres, Luis A"]
[Result "1-0"]
[WhiteElo "2405"]
[BlackElo "2220"]
[PlyCount "69"]
[EventDate "1998.09.29"]
[EventType "team-swiss"]
[EventRounds "13"]
[EventCountry "RUS"]
[SourceTitle "CBM 068"]
[Source "ChessBase"]
[SourceDate "1999.02.01"]
[SourceVersion "1"]
[SourceVersionDate "1999.02.01"]
[SourceQuality "1"]
[WhiteTeam "Ireland"]
[BlackTeam "Puerto Rico"]
[WhiteTeamCountry "IRL"]
[BlackTeamCountry "PUR"]

1. c4 c6 2. Nc3 d5 3. d4 Nf6 4. e3 e6 5. Nf3 Nbd7 6. Bd3 Bd6 7. 0-0 0-0 8. e4 e5 9. cxd5 cxd5 10. exd5 exd4 11. Nxd4 Ne5 12. h3 Nxd3 13. Qxd3 a6 14. Bg5 h6 15. Be3 Re8 16. Rad1 Bc7 17. Nde2 Bd6 18. Rfe1 Nd7 19. Bf4 Ne5 20. Qg3 Bf5 21. Nd4 Qf6 22. Bxh6 Nd3 23. Rxe8+ Rxe8 24. Qxg7+ Qxg7 25. Bxg7 Bg6 26. Bf6 Nxb2 27. Ra1 b5 28. f3 b4 29. Ne4 Bxe4 30. fxe4 Rxe4 31. Nf5 Bc5+ 32. Kh1 Nc4 33. Rd1 Nd6 34. Be7 Nxf5 35. Bxc5 1-0

[Event "Olympiad-33"]
[Site "Elista"]
[Date "1998.10.07"]
[Round "9.1"]
[White "Santa Torres, Luis A"]
[Black "Obada, Ahmad Azeezjawad"]
[Result "1/2-1/2"]
[WhiteElo "2220"]
[BlackElo "2350"]
[PlyCount "49"]
[EventDate "1998.09.29"]
[EventType "team-swiss"]
[EventRounds "13"]
[EventCountry "RUS"]
[SourceTitle "CBM 068"]
[Source "ChessBase"]
[SourceDate "1999.02.01"]
[SourceVersion "1"]
[SourceVersionDate "1999.02.01"]
[SourceQuality "1"]
[WhiteTeam "Puerto Rico"]
[BlackTeam "Iraq"]
[WhiteTeamCountry "PUR"]
[BlackTeamCountry "IRQ"]

1. Nf3 Nf6 2. c4 g6 3. Nc3 Bg7 4. e4 d6 5. d4 0-0 6. Be2 e5 7. 0-0 Nc6 8. d5 Ne7 9. b4 Nh5 10. Re1 Nf4 11. Bf1 Bg4 12. h3 Bd7 13. c5 f5 14. Bxf4 exf4 15. e5 a5 16. Qb3 h6 17. b5 Kh7 18. b6 dxe5 19. bxc7 Qxc7 20. d6 Qxc5 21. dxe7 Rfc8 22. Rac1 Qxe7 23. Nd5 Qd6 24. Rxc8 Bxc8 25. Nb6 1/2-1/2

[Event "Olympiad-33"]
[Site "Elista"]
[Date "1998.10.06"]
[Round "8.1"]
[White "Chan, Mark"]
[Black "Santa Torres, Luis A"]
[Result "1/2-1/2"]
[WhiteElo "2240"]
[BlackElo "2220"]
[PlyCount "44"]
[EventDate "1998.09.29"]
[EventType "team-swiss"]
[EventRounds "13"]
[EventCountry "RUS"]
[SourceTitle "CBM 068"]
[Source "ChessBase"]
[SourceDate "1999.02.01"]
[SourceVersion "1"]
[SourceVersionDate "1999.02.01"]
[SourceQuality "1"]
[WhiteTeam "Singapore"]
[BlackTeam "Puerto Rico"]
[WhiteTeamCountry "SIN"]
[BlackTeamCountry "PUR"]

1. e4 c6 2. d4 d5 3. exd5 cxd5 4. c4 Nf6 5. Nf3 g6 6. Nc3 Bg7 7. cxd5 0-0 8. Bc4 Nbd7 9. d6 exd6 10. 0-0 Nb6 11. Bb3 Bf5 12. Re1 Re8 13. Rxe8+ Qxe8 14. Bf4 Qd7 15. Qe2 a6 16. a4 Re8 17. Qf1 Be6 18. Bxe6 Rxe6 19. a5 Nbd5 20. Nxd5 Nxd5 21. Bg3 Bh6 22. Qc4 Nf6 1/2-1/2

[Event "Olympiad-33"]
[Site "Elista"]
[Date "1998.10.04"]
[Round "6.1"]
[White "Santa Torres, Luis A"]
[Black "Eid, Fadi"]
[Result "0-1"]
[WhiteElo "2220"]
[BlackElo "2280"]
[PlyCount "94"]
[EventDate "1998.09.29"]
[EventType "team-swiss"]
[EventRounds "13"]
[EventCountry "RUS"]
[SourceTitle "CBM 068"]
[Source "ChessBase"]
[SourceDate "1999.02.01"]
[SourceVersion "1"]
[SourceVersionDate "1999.02.01"]
[SourceQuality "1"]
[WhiteTeam "Puerto Rico"]
[BlackTeam "Lebanon"]
[WhiteTeamCountry "PUR"]
[BlackTeamCountry "LBN"]

1. d4 Nc6 2. Nf3 d5 3. c4 Bg4 4. Nc3 Bxf3 5. exf3 e6 6. cxd5 exd5 7. Bb5 Nge7 8. 0-0 Qd6 9. Be3 g6 10. Qd2 Bg7 11. Bf4 Qd7 12. Rfe1 0-0 13. Be5 a6 14. Bxg7 Kxg7 15. Bxc6 Nxc6 16. Qg5 Rad8 17. Rad1 h6 18. Qf4 Rfe8 19. h4 Qd6 20. Qxd6 Rxe1+ 21. Rxe1 Rxd6 22. Rd1 Kf6 23. Kf1 Ke7 24. Ke2 Kd7 25. f4 h5 26. Kd3 Ne7 27. g3 Re6 28. Kd2 b6 29. Re1 Rxe1 30. Kxe1 c5 31. dxc5 bxc5 32. Kd2 Kd6 33. b3 Nf5 34. Ne2 d4 35. Kd3 Kd5 36. Ng1 Nd6 37. Nf3 Ne4 38. Ne5 Nxf2+ 39. Ke2 Ne4 40. Kf3 Nd6 41. g4 hxg4+ 42. Nxg4 c4 43. bxc4+ Kxc4 44. Ne5+ Kc3 45. Ke2 a5 46. a4 Nc4 47. Nd3 Nb2 0-1